000 00728nam a22002417a 4500
999 _c133163
_d133163
003 dpl
005 20190128152337.0
008 180611b xxu||||| |||| 00| 0 eng d
010 _aA-994168
020 _c00.00
035 _aA-994168, A-994186, A-994189,A-994188
037 _bCen Lib/Ret
040 _aDPL
_bEN
_c0
082 _a649.1
_bRAH
100 _aRaheena Beegum
_937026
245 _aChild care and nutrition /
_cby Raheena Beegum
260 _aNew Delhi
_bSterling Publishers
_c1999
270 _aL-10, Green Park Extension
_bNew Delhi
_e110016
300 _aiv,126p. :
_c20cm(Hb)
_bill.
650 _aNutrition
_99307
650 _aChildren--Nutrition
_919194
942 _2ddc
_cEN
_h649.1
_mRAH